书目信息 |
| 题名: |
机械基础
|
|
| 作者: | 胥宏 主编 | |
| 分册: | ||
| 出版信息: | 成都 电子科技大学出版社 2013 |
|
| 页数: | 280页 | |
| 开本: | 24cm | |
| 丛书名: | ||
| 单 册: | ||
| 中图分类: | TH11 | |
| 科图分类: | ||
| 主题词: | 机械学 | |
| 电子资源: | ||
| ISBN: | 978-7-5647-1445-1 | |
| 000 | 00747nam0 2200229 450 | |
| 001 | 012015000714 | |
| 005 | 20150914104040.54 | |
| 010 | @a978-7-5647-1445-1@dCNY56.00 | |
| 100 | @a20140429d2013 em y0chiy50 ea | |
| 101 | 0 | @achi |
| 102 | @aCN@b510000 | |
| 105 | @aa z 000yy | |
| 106 | @ar | |
| 200 | 1 | @a机械基础@Aji xie ji chu@f胥宏主编 |
| 210 | @a成都@c电子科技大学出版社@d2013 | |
| 215 | @a280页@c图@d24cm | |
| 330 | @a本书着重叙述了机构运动的原理、运动分析、尤其是四杆运动原理及分析;还有齿轮传动及设计齿轮准则等,各种传动形式的类型、特点及设计准则失效形式等现象都做了详细的介绍。 | |
| 606 | 0 | @a机械学 |
| 690 | @aTH11@v5 | |
| 701 | 0 | @a胥宏@Axu hong@f(1970~)@4主编 |
| 801 | 0 | @aCN@b碧洲教育@c20150718 |
| 905 | @a10447@f4@dTH11@e35 | |
| 机械基础/胥宏主编.-成都:电子科技大学出版社,2013 |
| 280页:图;24cm |
| ISBN 978-7-5647-1445-1:CNY56.00 |
| 本书着重叙述了机构运动的原理、运动分析、尤其是四杆运动原理及分析;还有齿轮传动及设计齿轮准则等,各种传动形式的类型、特点及设计准则失效形式等现象都做了详细的介绍。 |
| ● |
| 相关链接 |
|
|
|
|
正题名:机械基础
索取号:TH11/35
 
预约/预借
| 序号 | 登录号 | 条形码 | 馆藏地/架位号 | 状态 | 备注 |
| 1 | 0848332 | 208483327 | 第二样本阅览室/ [索取号:TH11/35] | 在馆 | |
| 2 | 0848333 | 208483336 | 第三借阅区/ [索取号:TH11/35] | 在馆 | |
| 3 | 0848334 | 208483345 | 第三借阅区/ [索取号:TH11/35] | 在馆 | |
| 4 | 0848335 | 208483354 | 第三借阅区/ [索取号:TH11/35] | 在馆 |